Predikcie vo fuzzy regresných modeloch
Saved in:
| Main Author: | |
|---|---|
| Format: | Book |
| Language: | Slovak |
| Published: |
Bratislava
STU FCHPT
2006
|
| Online Access: | View in OPAC |
| Tags: |
No Tags, Be the first to tag this record!
|
MARC
| LEADER | 00000nam a2200000 a 4500 | ||
|---|---|---|---|
| 005 | 20260127134055.0 | ||
| 008 | 060607 2006 xo 000 0 slo d | ||
| 035 | |a vtls008774293 | ||
| 039 | 9 | |y 200606191136 |z mschk03 | |
| 040 | |a STUSCHK1 |b slo |c STUSCHK1 |e AACR2 | ||
| 100 | 1 | |a Kadaši, Tibor | |
| 245 | 1 | |a Predikcie vo fuzzy regresných modeloch | |
| 260 | |a Bratislava |b STU FCHPT |c 2006 | ||
| 300 | |a 52 s. |b tab.,grafy, lit. + CD-ROM | ||
| 500 | |a Obháj.: 6.6. 2006 | ||
| 500 | |a Špec.: Matematika | ||
| 500 | |a Ústav informatizácie, automatizácie a matematiky | ||
| 910 | |a SCHK95 | ||
| 999 | |c 3446 |d 3446 | ||